000 00275nam a2200109Ia 4500
008 220204s9999 xx 000 0 und d
082 _a535.2(035)
_bGRO
100 _aGross, R W F
245 0 _aHandbook of chemical lasers
260 _aNew York
_bJohn Wiley
_c1976
942 _cBK
999 _c25719
_d25719